| 000 | 01503nam0a2200313 4500 | ||
|---|---|---|---|
| 001 | RU\NLR\bibl\1307734 | ||
| 005 | 20260406084215.0 | ||
| 010 |
_a978-5-699-09992-4 _915000 |
||
| 021 |
_aRU _b2008-85536 _94994 |
||
| 021 |
_aRU _b2012-89731 _96633 |
||
| 035 | _a(NLR Aleph) 001293222 | ||
| 090 |
_a572492 _c572492 |
||
| 100 | _a20081215d2008 |||y0rusy50 ca | ||
| 101 | 0 | _arus | |
| 102 | _aRU | ||
| 105 | _aa ||||||||| | ||
| 200 | 1 |
_aЧудесные русские сказки _e[русские народные сказки в пересказе Г. Джаладян и др. _eдля чтения взрослыми детям _fхудож.: А. Басюбина и др.] |
|
| 210 |
_aМосква _cЭксмо _d2008 |
||
| 215 |
_a194, [5] с. _cцв. ил. _d27 |
||
| 327 | 0 | _aСодерж.: Волшебное кольцо; Баба-Яга; Двое из Сумы; Морозко; Лихо одноглазое; По щучьему велению; Сивка-Бурка; Кощей Бессмертный; Финист - Ясный Сокол; Чудо-Юдо [и др.] | |
| 686 | _aШ9(2)3=Р-2я43 | ||
| 702 | 1 |
_4570 _8rus _7ca _aДжаладян _bГ. С. _gГалина Семеновна _3RU\NLR\auth\7717743 _9828 |
|
| 702 | 1 |
_4040 _8rus _7ca _aБасюбина _bА. М. _gАнастасия Михайловна _3RU\NLR\auth\7752405 _935338 |
|
| 801 | 0 |
_aRU _bNLR _c20081215 _gRCR |
|
| 801 | 1 |
_aRU _bNLR _c20081215 |
|
| 942 | _cBOOK | ||
| 980 | _aNB | ||